Music Quiz

Random Music or Singers Quiz

Mariah or Whitney? Quiz Stats

 Plays Quiz Updated Aug 19, 2017

Challenge
Share
Tweet
Embed
Score 0/30 Timer 01:30
0 Plays Today
Song Title (M) or (W) % Correct
Hero???
78%
One Sweet Day???
75.3%
We Belong Together???
74.5%
Greatest Love of All???
74.2%
How Will I Know???
73.7%
Vision of Love???
72.7%
All the Man That I Need???
66%
Forever???
65.8%
My All???
65.1%
Someday???
64.8%
You Give Good Love???
64.8%
My Love Is Your Love???
64.7%
Run to You???
64.2%
I Don't Wanna Cry???
62.9%
Love Takes Time???
62.7%
Song Title (M) or (W) % Correct
Through the Rain???
61.4%
I Learned from the Best???
60.8%
Thank God I Found You???
58.6%
All at Once???
58.6%
Why Does It Hurt So Bad???
57.8%
Never Forget You???
57.4%
If It's Over???
57.2%
Love Will Save the Day???
56.1%
Count On Me???
55.1%
Sent From Up Above???
55.1%
Thinking About You???
54.7%
Million Dollar Bill???
54%
I Want to Know What Love Is???
50.8%
Hold Me???
46.6%
Miracle???
44.9%

You're not logged in!

Compare scores with friends on all Sporcle quizzes.
Join for Free
OR
Log In

You Might Also Like...

Show Comments

Extras

Top Quizzes Today


Score Distribution

Your Account Isn't Verified!

In order to create a playlist on Sporcle, you need to verify the email address you used during registration. Go to your Sporcle Settings to finish the process.

Report this User

Report this user for behavior that violates our Community Guidelines.

Details: